| 000 | 00762cam a22002291 4500 | ||
|---|---|---|---|
| 001 | he 68002094 | ||
| 003 | DLC | ||
| 005 | 20260227111500.0 | ||
| 008 | 861107s1966 is ac 000 0 hebo | ||
| 010 | _ahe 68002094 | ||
| 035 | _a(OCoLC)14690102 | ||
| 040 |
_aDLC _cCU _dDLC |
||
| 042 | _apremarc | ||
| 050 | 0 | 0 |
_aPR2893 _b.M416 |
| 100 | 1 |
_aMendilow, Adam Abraham, _d1909- |
|
| 245 | 1 | 0 |
_aSheḳspir, _bʻolamo ṿi-yetsirato, _cme-et A.A. Mendilov ṿe-Alis Shalvi. [tirgem mi-ketav-yad: Shimʻon Zandbanḳ] |
| 260 |
_a[Tel-Aviv] _bha-Ḳibuts ha-Meʼuḥad, _c726 [1966] |
||
| 300 |
_a267 p. _billus., port. _c23 cm. |
||
| 500 | _aAdded t.p.: Shakespeare, his world and his art. | ||
| 600 | 1 | 0 |
_aShakespeare, William, _d1564-1616. |
| 700 | 1 | _aShalvi, Alice. | |
| 999 |
_c33502 _d33502 |
||